Comedias escogidas de don Francisco de Rojas Zorrilla
Αποθηκεύτηκε σε:
| Κύριος συγγραφέας: | |
|---|---|
| Μορφή: | Βιβλίο |
| Γλώσσα: | Ισπανικά |
| Έκδοση: |
Madrid
M. Rivadeneyra
1861
|
| Σειρά: | Biblioteca de Autores Españoles, 54
|
| Θέματα: | |
| Ετικέτες: |
Προσθήκη ετικέτας
Δεν υπάρχουν, Καταχωρήστε ετικέτα πρώτοι!
|
MARC
| LEADER | 00000nam a2200000 a 4500 | ||
|---|---|---|---|
| 001 | UCX5568 | ||
| 003 | CL-VaPUC | ||
| 008 | 921127e18610000SP |||||||||||||||||spa|d | ||
| 082 | 0 | 4 | |a 862 |b MES |2 21 |
| 100 | |a Mesonero Romanos, Ramón de |e autor |9 321898 | ||
| 245 | 1 | 0 | |a Comedias escogidas de don Francisco de Rojas Zorrilla |
| 300 | |a 602 p | ||
| 942 | |c BK | ||
| 945 | |d 19921127 00:00:00 | ||
| 260 | |a Madrid |b M. Rivadeneyra |c 1861 | ||
| 600 | 0 | 7 | |a ROJAS ZORRILLA, FRANCISCO DE |2 CL-VaPUC |9 321863 |
| 650 | 7 | |a COMEDIAS ESPAÑOLAS |2 CL-VaPUC |9 321864 | |
| 650 | 0 | |a Dramas españoles |9 267081 | |
| 583 | |a last modification |c 19921127 00:00:00 |k Rodrigo Vera | ||
| 490 | 0 | |a Biblioteca de Autores Españoles, 54 | |
| 999 | |c 225783 |d 225781 | ||
| 952 | |0 0 |1 0 |4 0 |6 862_000000000000000_MES_1861 |7 0 |8 A |9 223599 |a FDOPOS |b FDOPOS |d 2019-11-15 |i 292434K |o 862 MES 1861 |p 292434K |r 2025-01-22 |w 2019-11-15 |y BK |k MLH | ||